| 000 | 00791cam a2200265 a 4500 | ||
|---|---|---|---|
| 001 | 1933531 | ||
| 003 | NUST - PNEC | ||
| 005 | 20170116181052.0 | ||
| 008 | 860717s1987 nyua b 001 0 eng | ||
| 010 | _a 86018549 | ||
| 020 | _a0071002324 | ||
| 020 | _a007050783X | ||
| 040 |
_aDLC _cLIBRARY _dDLC |
||
| 050 | 0 | 0 |
_aQA76.758 _b.P75 1987 |
| 082 | 0 | 0 | _a005.1 ROG |
| 100 | 1 | _aPressman, Roger S. | |
| 245 | 1 | 0 |
_aSoftware engineering : a practitioner's approach / _cRoger S. Pressman. |
| 250 | _a2nd ed. | ||
| 260 |
_aNew York : _bMcGraw-Hill, _cc1987. |
||
| 300 |
_axx, 567 p. : _bill. ; _c25 cm. |
||
| 440 | 0 | _aMcGraw-Hill series in software engineering and technology | |
| 504 | _aIncludes bibliographies and index. | ||
| 650 | 0 |
_aSoftware engineering. _xMIS |
|
| 942 |
_2ddc _cBK |
||
| 999 |
_c68435 _d68435 |
||